Singers By Picture #1 - Statistics

General Stats
  • This quiz has been taken 1,484 times
    1,455 since last reset
  • The average score is 8 of 9
Answer Stats
Picture Answer % Correct
Taylor Swift
99%
Ariana Grande
97%
Billie Eilish
97%
Ed Sheeran
97%
Katy Perry
88%
Beyonce
86%
Dua Lipa
86%
Lady Gaga
86%
Pink
80%
No matching quizzes found
Score Distribution
Percent of People with Each Score
Percentile by Number Answered
Your Score History
You have not taken this quiz since the last reset